[Event "Championship Moscow 2019"]
[Site "Moscow]
[Date "2019.04.04"]
[Round "6.33"]
[White "Kudryaev, Ivan"]
[Black "Paldyaev, Vladislav"]
[Result "1-0"]
[WhiteElo "1667"]
[BlackElo "1756"]
[PlyCount "115"]
[EventDate "2019.03.30"]

1. d4 Nf6 2. Nf3 g6 3. c4 Bg7 4. Nc3 O-O 5. e4 d6 6. Be2 Nbd7 7. Bg5 c5 8. d5
h6 9. Bd2 Ng4 10. h3 Nge5 11. O-O Nxf3+ 12. Bxf3 a6 13. Be2 Kh7 14. f4 Bd4+ 15.
Kh1 e6 16. Qe1 Nf6 17. Bd3 Re8 18. Ne2 Bxb2 19. Rb1 Bd4 20. Nxd4 cxd4 21. e5
exd5 22. cxd5 Nxd5 23. Qg3 Rg8 24. Be4 Ne7 25. Qb3 d5 26. Bf3 b5 27. g4 h5 28.
Be2 Rg7 29. Qd3 Kg8 30. Qxd4 hxg4 31. hxg4 Nf5 32. Qf2 Nd4 33. Qxd4 Bxg4 34.
Bxg4 Qh4+ 35. Kg2 Qxg4+ 36. Kf2 Rh7 37. Rh1 Rh3 38. Rxh3 Qxh3 39. Rg1 Rc8 40.
Qe3 Qf5 41. Rg5 Qd7 42. Bc3 Qc7 43. Rg3 Qc4 44. e6 Qxa2+ 45. Kg1 Qb1+ 46. Kh2
f6 47. Qd4 Qf5 48. Qxf6 Qh5+ 49. Kg1 Qd1+ 50. Kf2 Qc2+ 51. Ke1 Qc1+ 52. Ke2
Qc2+ 53. Bd2 Qe4+ 54. Kf2 Rc7 55. Rxg6+ Qxg6 56. Qxg6+ Kh8 57. f5 d4 58. f6 1-0

[Event "Championship Moscow 2019"]
[Site "Moscow]
[Date "2019.04.04"]
[Round "6.34"]
[White "Gerasimov, Vadim"]
[Black "Usov, Dmitry E"]
[Result "1-0"]
[WhiteElo "1688"]
[BlackElo "1032"]
[PlyCount "96"]
[EventDate "2019.03.30"]

1. d4 c6 2. c4 d5 3. Nc3 Nf6 4. Nf3 dxc4 5. a4 Bf5 6. e3 e6 7. Bxc4 Bb4 8. O-O
O-O 9. Nh4 Bg4 10. f3 Bh5 11. g4 Bg6 12. Nxg6 hxg6 13. e4 Bxc3 14. bxc3 Nbd7
15. Bf4 Qe7 16. Bg5 Qe8 17. Re1 Qc8 18. a5 Qc7 19. Qb3 b6 20. Bh4 Qf4 21. Kg2
b5 22. Bf1 Qc7 23. Bg3 Qb7 24. c4 a6 25. Rac1 Ra7 26. Rc2 Raa8 27. d5 Nc5 28.
Qb4 Ncd7 29. cxb5 exd5 30. Rxc6 dxe4 31. f4 Rfc8 32. Rec1 axb5 33. Rc7 Rxc7 34.
Rxc7 Qa6 35. Bxb5 Qe6 36. a6 Nf8 37. h3 N8h7 38. a7 Nf8 39. Bc6 Qa2+ 40. Bf2
Ne6 41. Bxa8 Nxc7 42. Qb8+ Nfe8 43. Bc6 Qc4 44. a8=Q Nxa8 45. Qxe8+ Kh7 46.
Bxa8 f6 47. Bd5 Qe2 48. g5 fxg5 1-0

[Event "Championship Moscow 2019"]
[Site "Moscow]"]
[Date "2019.04.04"]
[Round "6.1"]
[White "Mirzoeva, Elmira"]
[Black "Borisova, Ekaterina"]
[Result "1/2-1/2"]
[WhiteElo "2272"]
[BlackElo "2255"]
[PlyCount "120"]
[EventDate "2019.??.??"]
[WhiteClock "0:00:44"]
[BlackClock "0:03:19"]

1. c4 c6 2. e4 d5 3. cxd5 cxd5 4. exd5 Nf6 5. Qa4+ Nbd7 6. Nc3 g6 7. Nf3 Bg7 8.
Bc4 O-O 9. d3 a6 10. Qa3 b6 11. O-O Bb7 12. Re1 Re8 13. Be3 b5 14. Bb3 Nb6 15.
Bxb6 Qxb6 16. Qb4 Qd8 17. d4 Nxd5 18. Nxd5 Bxd5 19. Ne5 Rc8 20. Rac1 Bxb3 21.
Qxb3 e6 22. Rxc8 Qxc8 23. a4 Bxe5 24. dxe5 bxa4 25. Qxa4 Rd8 26. Rd1 Rd5 27.
Rxd5 exd5 28. g3 Qc1+ 29. Kg2 Qxb2 30. Qe8+ Kg7 31. Qe7 Qb6 32. f4 Qe6 33. Qd8
h5 34. Kf2 Qc6 35. Kg1 Qc5+ 36. Kg2 d4 37. Qf6+ Kg8 38. Qxa6 Qc2+ 39. Kh3 Qf5+
40. Kg2 Qe4+ 41. Kf2 Qe3+ 42. Kf1 Qf3+ 43. Kg1 d3 44. e6 Qe3+ 45. Kf1 Qe2+ 46.
Kg1 Qe1+ 47. Kg2 d2 48. exf7+ Kxf7 49. Qa7+ Kg8 50. Qb8+ Kh7 51. Qc7+ Kh6 52.
Qd8 Qe2+ 53. Kh3 Kg7 54. Qd7+ Kf6 55. Qd8+ Kg7 56. Qd7+ Kh6 57. Qd8 Qe6+ 58.
Kg2 Qe4+ 59. Kh3 Qf5+ 60. Kg2 Qe4+ 1/2-1/2

[Event "Championship Moscow 2019"]
[Site "Moscow]"]
[Date "2019.04.04"]
[Round "6.2"]
[White "Fominykh, Maria"]
[Black "Charochkina, Daria"]
[Result "0-1"]
[WhiteElo "2259"]
[BlackElo "2330"]
[PlyCount "104"]
[EventDate "2019.??.??"]
[WhiteClock "0:14:56"]
[BlackClock "0:00:55"]

1. Nf3 c5 2. e3 Nc6 3. d4 cxd4 4. exd4 d5 5. Bd3 Qc7 6. h3 e6 7. O-O Nf6 8. a3
h6 9. Re1 Bd6 10. c4 dxc4 11. Bxc4 O-O 12. Nc3 a6 13. Ba2 Rd8 14. Be3 b5 15.
Rc1 Bb7 16. Qd2 Bf8 17. b4 Qd7 18. Red1 a5 19. Nxb5 axb4 20. Qe2 Ra5 21. Ne5
Nxe5 22. dxe5 Qxb5 23. Qxb5 Rxd1+ 24. Rxd1 Rxb5 25. exf6 bxa3 26. Rd8 Bd5 27.
Bxd5 Rxd5 28. Ra8 gxf6 29. Bxh6 a2 30. Bxf8 Rd1+ 31. Kh2 a1=Q 32. Rxa1 Rxa1 33.
Bc5 f5 34. g4 fxg4 35. hxg4 Rc1 36. Be3 Rc4 37. Kg3 Kg7 38. Kf3 Kf6 39. Kg3 Ke5
40. Kf3 Rc3 41. Kg2 Ke4 42. Bh6 Rf3 43. Bg5 Rb3 44. Bh6 Rb8 45. Bc1 Rg8 46. Kg3
e5 47. f3+ Kd3 48. Kf2 e4 49. Bf4 Rg6 50. g5 f6 51. gxf6 Rxf6 52. Kg3 Rxf4 0-1

[Event "Championship Moscow 2019"]
[Site "Moscow]"]
[Date "2019.04.04"]
[Round "6.4"]
[White "Kanevskaya, Anna"]
[Black "Utiatskaja, Irina"]
[Result "0-1"]
[WhiteElo "2136"]
[BlackElo "2210"]
[PlyCount "68"]
[EventDate "2019.??.??"]
[WhiteClock "0:22:06"]
[BlackClock "0:00:35"]

1. d4 Nf6 2. c4 g6 3. Nc3 Bg7 4. e4 d6 5. f3 O-O 6. Be3 a6 7. Qd2 Nbd7 8. Nge2
c5 9. d5 b5 10. Ng3 h5 11. Be2 h4 12. Nf1 Ne5 13. Bg5 h3 14. Ne3 bxc4 15. Nxc4
hxg2 16. Rg1 Nxc4 17. Bxc4 Rb8 18. Rxg2 Rb4 19. Be2 Qb6 20. Rb1 e6 21. b3 Rd4
22. Qc1 exd5 23. Bxf6 Bxf6 24. Qf4 Qd8 25. Nxd5 Bh4+ 26. Rg3 Bb7 27. Ne3 Bxg3+
28. hxg3 Bc8 29. Nc2 Qa5+ 30. Kf2 Rd2 31. Qf6 Qb5 32. Re1 Rxc2 33. a4 Qb4 34.
Kg2 Qxe1 0-1

[Event "Championship Moscow 2019"]
[Site "Moscow]
[Date "2019.04.04"]
[Round "6.5"]
[White "Zaitseva, Lyudmila"]
[Black "Smirnova, Ekaterina"]
[Result "0-1"]
[WhiteElo "1926"]
[BlackElo "2178"]
[PlyCount "68"]
[EventDate "2019.03.30"]

1. d4 d5 2. Nf3 Nf6 3. Bf4 c5 4. e3 Nc6 5. dxc5 e6 6. Nc3 Bxc5 7. Bd3 O-O 8.
O-O Bb4 9. Nb5 a6 10. c3 Ba5 11. Nbd4 Bc7 12. Bxc7 Qxc7 13. Nxc6 bxc6 14. Nd2
e5 15. e4 Rb8 16. b3 a5 17. Rb1 dxe4 18. Nxe4 Nxe4 19. Bxe4 Ba6 20. c4 f5 21.
Bc2 Rbd8 22. Qe2 e4 23. Rbd1 Qe5 24. Rxd8 Rxd8 25. Rd1 Rd4 26. Rxd4 Qxd4 27. g4
c5 28. gxf5 Bb7 29. Qg4 Qa1+ 30. Bd1 Qe5 31. Bc2 e3 32. Qe2 Bf3 33. Qe1 e2 34.
h3 Qf4 0-1

[Event "Championship Moscow 2019"]
[Site "Moscow]
[Date "2019.04.04"]
[Round "6.6"]
[White "Miroshnik, Ekaterina"]
[Black "Diakonova, Ekaterina"]
[Result "1-0"]
[WhiteElo "2039"]
[BlackElo "2239"]
[Annotator "icy"]
[PlyCount "97"]
[EventDate "2019.03.30"]

1. d4 c5 2. d5 d6 3. c4 g6 4. Nc3 Bg7 5. Nf3 e6 6. e4 Ne7 7. Bd3 exd5 8. exd5
Bg4 9. h3 Bxf3 10. Qxf3 Nd7 11. Qe2 O-O 12. O-O Ne5 13. Bc2 Nf5 14. Bxf5 gxf5
15. f4 Ng6 16. Bd2 Re8 17. Qd3 Qf6 18. Nb5 Re4 19. Bc3 Qe7 20. Bxg7 Kxg7 21.
Nc3 Rxf4 22. Rxf4 Nxf4 23. Qf3 Ng6 24. Qxf5 Qe3+ 25. Kh1 Re8 26. Rf1 Re7 27.
Qf6+ Kh6 28. Qxd6 Qd3 29. Qf6 Qxc4 30. d6 Rd7 31. Rd1 Qe6 32. Qf3 f5 33. Rd5 f4
34. Rh5+ Kg7 35. Ne4 Kh8 36. Rxc5 Kg7 37. Rc7 Kh6 38. Rxd7 Qxd7 39. Nf6 Qe6 40.
Ng4+ Kg5 41. Qd1 Nf8 42. Kh2 Nd7 43. Qd4 h5 44. Qg7+ Kf5 45. Qh7+ Kg5 46. Nf2
Nf6 47. Ne4+ Nxe4 48. d7 Qd5 49. Qe7+ 1-0

[Event "Championship Moscow 2019"]
[Site "Moscow]
[Date "2019.04.04"]
[Round "6.7"]
[White "Kasaeva, Sofiia"]
[Black "Zotova, Anastasia"]
[Result "1/2-1/2"]
[WhiteElo "1960"]
[BlackElo "2148"]
[PlyCount "80"]
[EventDate "2019.03.30"]

1. e4 c5 2. Nf3 d6 3. d4 cxd4 4. Nxd4 Nf6 5. Nc3 a6 6. f3 e5 7. Nb3 Be6 8. Be3
Nbd7 9. Qd2 Be7 10. O-O-O Nb6 11. g4 Rc8 12. h4 Qc7 13. h5 h6 14. Kb1 Nc4 15.
Bxc4 Bxc4 16. Rdg1 b5 17. Qf2 b4 18. Na4 Rb8 19. Nb6 Be6 20. Rd1 Qc6 21. Rhf1
Bd8 22. Nd5 Nxd5 23. exd5 Bxd5 24. f4 Rc8 25. Rd2 Be7 26. fxe5 dxe5 27. Qf5
Bxb3 28. axb3 Qe6 29. Qxe6 fxe6 30. Bb6 Rc6 31. Ba5 Rf8 32. Rxf8+ Kxf8 33. Re2
Kf7 34. Rf2+ Ke8 35. Re2 Kf7 36. Rf2+ Ke8 37. Re2 Kf7 38. Rf2+ Ke8 39. Re2 Kf7
40. Rf2+ Ke8 1/2-1/2

[Event "Championship Moscow 2019"]
[Site "Moscow]
[Date "2019.04.04"]
[Round "6.8"]
[White "Danilova, Rada"]
[Black "Gorovenko, Darya"]
[Result "1-0"]
[WhiteElo "1930"]
[BlackElo "2134"]
[Annotator "icy"]
[PlyCount "95"]
[EventDate "2019.03.30"]

1. d4 Nf6 2. Nf3 c5 3. d5 e6 4. Nc3 d6 5. e4 e5 6. h3 g6 7. Be3 Bg7 8. Qd2 O-O
9. Bg5 a6 10. a4 Qa5 11. Ra3 Nbd7 12. Be2 Qb4 13. O-O c4 14. Nd1 Qc5 15. Qe3
Rb8 16. Nd2 b5 17. axb5 axb5 18. Ra5 Qc7 19. Ra7 Rb7 20. Rxb7 Bxb7 21. Nc3 Qa5
22. b3 Ba6 23. bxc4 bxc4 24. Bxc4 Bxc4 25. Nxc4 Qb4 26. Nd2 Rc8 27. Ndb1 Rc4
28. f3 Nc5 29. Na2 Qb2 30. Nac3 h6 31. Qc1 Qxc1 32. Bxc1 Nh5 33. Bd2 Nf4 34.
Re1 Bf6 35. Na3 Rb4 36. Ncb5 Ra4 37. Kh2 Be7 38. g3 Nh5 39. Rb1 f5 40. exf5
gxf5 41. Rb4 Ra8 42. Bxh6 Nf6 43. c4 f4 44. gxf4 exf4 45. Rb1 Nd3 46. Rd1 Nc5
47. Bxf4 Nb7 48. Kg3 {çàïèñü íåÿñíà} 1-0

[Event "Championship Moscow 2019"]
[Site "Moscow]
[Date "2019.04.04"]
[Round "6.9"]
[White "Kirchei, Viktoriia"]
[Black "Ilyina, Lada"]
[Result "1-0"]
[WhiteElo "2122"]
[BlackElo "1877"]
[PlyCount "111"]
[EventDate "2019.03.30"]

1. e4 e6 2. d4 d5 3. Nd2 c5 4. exd5 exd5 5. dxc5 Bxc5 6. Nb3 Be7 7. Nf3 Nf6 8.
Bb5+ Bd7 9. Bxd7+ Nbxd7 10. O-O O-O 11. Bf4 Nc5 12. Nxc5 Bxc5 13. Bg5 d4 14.
Qd3 Qb6 15. Ne5 Rfe8 16. Rfe1 h6 17. Bh4 Rad8 18. Qc4 Re6 19. Nxf7 Kxf7 20.
Rxe6 Qxe6 21. Qxc5 b6 22. Qa3 a5 23. Qd3 g5 24. Bg3 h5 25. f3 Qe3+ 26. Bf2 Qxd3
27. cxd3 Ke6 28. Rc1 b5 29. Rc6+ Ke5 30. f4+ Kf5 31. fxg5 Ng4 32. Rc5+ Kf4 33.
h3 Ne5 34. g3+ Kf5 35. Kf1 Ke6 36. Ke2 b4 37. Rxa5 Nc6 38. Rc5 Kd6 39. Rb5 Ra8
40. Be1 Rxa2 41. Bxb4+ Nxb4 42. Rxb4 Ke5 43. Rb5+ Ke6 44. Rb6+ Kf5 45. g6 Ra7
46. Kd2 Kg5 47. Rd6 Rb7 48. Kc2 Kh6 49. Rxd4 Kxg6 50. b4 Rf7 51. Rf4 Re7 52.
Rf3 Kg5 53. Kb3 Rc7 54. b5 h4 55. gxh4+ Kxh4 56. Kb4 1-0

[Event "Championship Moscow 2019"]
[Site "Moscow]
[Date "2019.04.04"]
[Round "6.10"]
[White "Sayafarova, Anna"]
[Black "Afanasieva, Alexandra"]
[Result "1/2-1/2"]
[WhiteElo "1794"]
[BlackElo "2093"]
[PlyCount "230"]
[EventDate "2019.03.30"]

1. e4 c5 2. Nf3 Nc6 3. d4 cxd4 4. Nxd4 Nf6 5. Nc3 d6 6. Be2 e5 7. Nb3 Be7 8.
O-O O-O 9. f4 a5 10. a4 Nb4 11. Bf3 Be6 12. Be3 exf4 13. Bxf4 Nxc2 14. Qxc2
Qb6+ 15. Qf2 Qxf2+ 16. Rxf2 Bxb3 17. Rd2 Rfd8 18. Nb5 Ne8 19. Ra3 Bc4 20. Rc3
Bxb5 21. axb5 Rac8 22. b6 Rxc3 23. bxc3 Rc8 24. e5 dxe5 25. Bxe5 Rd8 26. Re2
Bc5+ 27. Bd4 Bxd4+ 28. cxd4 Nd6 29. Re7 Kf8 30. Rc7 a4 31. Bxb7 Rb8 32. Bc6 a3
33. Ra7 Rxb6 34. d5 Rb1+ 35. Kf2 Ra1 36. g3 a2 37. Kg2 Ne4 38. d6 Nxd6 39. Bd5
g6 40. Rxa2 Rxa2+ 41. Bxa2 Ke7 42. Kf3 Kf6 43. Bb1 Nc4 44. Ba2 Ne5+ 45. Ke4 g5
46. h3 Ng6 47. Bb1 Ne7 48. Ba2 Nf5 49. Kf3 Nd6 50. Bb1 h6 51. Kg4 Nc4 52. Kh5
Kg7 53. h4 f6 54. hxg5 hxg5 55. Kg4 Ne3+ 56. Kf3 Nc4 57. Ba2 Nd6 58. Kg4 Kg6
59. Kf3 f5 60. Bb1 Kf6 61. Bd3 Ke5 62. Bb1 Ne4 63. Ba2 Nf6 64. Bb1 Nd5 65. Ba2
Nc3 66. Bb3 Nb5 67. Ba2 Nd4+ 68. Ke3 Nc2+ 69. Kf3 Nb4 70. Bb1 Nc6 71. Ba2 Ne7
72. Bb1 Nc6 73. Ba2 Kf6 74. Bb1 Ne5+ 75. Ke3 Nc4+ 76. Kd3 Na3 77. Ba2 Ke5 78.
Ke3 Nc2+ 79. Kf3 Nd4+ 80. Ke3 Nb5 81. Bb1 Nd6 82. Ba2 Ne4 83. Kf3 g4+ 84. Kg2
Kd4 85. Bg8 Ke3 86. Be6 Nd6 87. Bd7 Ke2 88. Be6 Kd3 89. Bd7 Ke3 90. Be6 Ke2 91.
Bd7 Nc4 92. Bb5 Kd3 93. Ba6 Kd4 94. Bc8 Nd6 95. Bd7 Ke3 96. Be6 Kd3 97. Bd7 Ke2
98. Be6 Ke1 99. Bd7 Nc4 100. Bb5 Ne3+ 101. Kg1 Nd5 102. Bd7 Ne3 103. Bb5 Nc2
104. Bd3 Nd4 105. Ba6 Ne2+ 106. Kg2 Nc3 107. Bc8 Nd5 108. Ba6 Kd2 109. Kf2 Nf6
110. Bc8 Ne4+ 111. Kg2 Nd6 112. Bd7 Ke3 113. Be6 Ke4 114. Bd7 Nc4 115. Bc6+ Ke5
1/2-1/2

[Event "Championship Moscow 2019"]
[Site "Moscow]
[Date "2019.04.04"]
[Round "6.11"]
[White "Nur-Mukhametova, Alisa"]
[Black "Seregina, Maria"]
[Result "1-0"]
[WhiteElo "2164"]
[BlackElo "1853"]
[PlyCount "105"]
[EventDate "2019.03.30"]

1. d4 g6 2. g3 Bg7 3. Bg2 d6 4. c4 f5 5. Nh3 Nf6 6. d5 c6 7. Nf4 O-O 8. h4 Ng4
9. O-O Ne5 10. Qc2 Na6 11. Nc3 Nc5 12. b3 a5 13. Be3 Na6 14. Rad1 c5 15. Ne6
Bxe6 16. dxe6 Rb8 17. Nb5 Nc6 18. a3 Qc8 19. Bg5 Bf6 20. Bh6 Re8 21. h5 Nd4 22.
Nxd4 cxd4 23. g4 Qc5 24. hxg6 hxg6 25. gxf5 Qxf5 26. Qxf5 gxf5 27. Rd3 Nc5 28.
Rg3+ Kh7 29. Rh3 Kg6 30. Bd2 Nxe6 31. Bd5 Ng5 32. Rg3 Kh5 33. Kg2 e6 34. Rh1+
Kg6 35. Bf3 Rh8 36. Rxh8 Rxh8 37. Bxb7 Rb8 38. Bc6 Kh5 39. b4 e5 40. Rb3 axb4
41. Rxb4 Rg8 42. Bd5 Rg7 43. Rb7 Rxb7 44. Bxb7 Ne6 45. Bc8 Ng7 46. Ba5 e4 47.
Bb6 d3 48. exd3 exd3 49. Kf3 d2 50. Ke2 Bc3 51. a4 Kg6 52. Bd7 Nh5 53. Be8+ 1-0

[Event "Championship Moscow 2019"]
[Site "Moscow]
[Date "2019.04.04"]
[Round "6.12"]
[White "Todua, Anastasia"]
[Black "Korchagina, Alena"]
[Result "0-1"]
[WhiteElo "1610"]
[BlackElo "2167"]
[PlyCount "60"]
[EventDate "2019.03.30"]

1. e4 c5 2. Nf3 e6 3. d4 cxd4 4. Nxd4 a6 5. Be2 Nf6 6. e5 Qa5+ 7. Nc3 Qxe5 8.
O-O Nc6 9. Nf3 Qc7 10. Bg5 Be7 11. Qd2 O-O 12. a3 d5 13. Rad1 b5 14. Rfe1 Bb7
15. Bd3 Rac8 16. h3 Rfd8 17. Kh1 Qb6 18. Ne5 d4 19. Nxc6 Bxc6 20. Ne4 Nxe4 21.
Bxe4 Bxg5 22. Qxg5 Bxe4 23. Rxe4 h6 24. Qh4 Rxc2 25. Rexd4 Rxd4 26. Rxd4 Qc7
27. g4 Qc6+ 28. Kh2 Qf3 29. Qd8+ Kh7 30. Rd2 Qf4+ 0-1

[Event "Championship Moscow 2019"]
[Site "Moscow]
[Date "2019.04.04"]
[Round "6.13"]
[White "Zaytseva, Dariya"]
[Black "Zakharova, Oksana"]
[Result "1-0"]
[WhiteElo "1350"]
[BlackElo "1751"]
[PlyCount "140"]
[EventDate "2019.03.30"]

1. c4 e5 2. Nf3 Nc6 3. Nc3 Nf6 4. g3 Bc5 5. Bg2 O-O 6. O-O d6 7. b3 h6 8. Bb2
e4 9. Ne1 Re8 10. Nc2 Bf5 11. Ne3 Bg6 12. Ned5 Bd4 13. Nxf6+ Bxf6 14. d3 exd3
15. exd3 Rb8 16. Qd2 Bd4 17. Na4 Qf6 18. Rfe1 Bxb2 19. Nxb2 Nd4 20. Na4 Nf3+
21. Bxf3 Qxf3 22. Nb2 Bf5 23. Re3 Rxe3 24. Qxe3 Qh5 25. d4 Bg4 26. Nd3 Bd7 27.
Nf4 Qf5 28. Nd5 Kh8 29. Nxc7 Rc8 30. Nd5 Re8 31. Qd2 Bc6 32. Ne3 Qf3 33. d5 Bd7
34. Qd1 Qe4 35. Qb1 Qd4 36. Qd1 Qe5 37. Rc1 Bh3 38. Qd3 Qb2 39. Qc2 Qf6 40. Qd1
Qg5 41. Qf3 h5 42. Rd1 Kg8 43. Rc1 Bg4 44. Qf4 Qxf4 45. gxf4 b6 46. Nxg4 hxg4
47. Kf1 Re4 48. Re1 Rxf4 49. Re8+ Kh7 50. Re7 Rd4 51. Rxa7 Rd2 52. Ra6 Kg6 53.
a4 Kf5 54. Ra7 f6 55. Rxg7 Kf4 56. Rg6 Kf5 57. Rg7 Kf4 58. Rf7 f5 59. Rf6 Rb2
60. Kg2 Rxb3 61. Rxd6 Rb4 62. Rc6 Rxa4 63. d6 Ra3 64. Rxb6 Rd3 65. c5 Ke5 66.
Rb7 Kd5 67. Rc7 Ke6 68. d7 Ke7 69. c6 f4 70. Rc8 Rd6 1-0

[Event "Championship Moscow 2019"]
[Site "Moscow]
[Date "2019.04.04"]
[Round "6.14"]
[White "Strukova, Ksenia"]
[Black "Khachatryan, Nadezhda"]
[Result "1-0"]
[WhiteElo "1919"]
[BlackElo "1738"]
[PlyCount "99"]
[EventDate "2019.03.30"]

1. e4 c6 2. d4 d5 3. Nd2 dxe4 4. Nxe4 Bf5 5. Ng3 Bg6 6. h4 h6 7. Nf3 Nd7 8. h5
Bh7 9. Bd3 Bxd3 10. Qxd3 e6 11. Bd2 Ngf6 12. O-O-O Be7 13. Kb1 O-O 14. Ne4 Nxe4
15. Qxe4 Nf6 16. Qe2 Qd5 17. Be3 a5 18. Ne5 a4 19. f3 a3 20. b3 Qa5 21. c4 Rfc8
22. g4 Nh7 23. f4 f6 24. Nf3 Re8 25. c5 Qd8 26. Bc1 Qd5 27. Rhe1 Bd8 28. Rd3
Bc7 29. Rg1 Bd8 30. Nd2 Bc7 31. Ne4 f5 32. Nc3 Qd7 33. Qg2 fxg4 34. Qxg4 Nf6
35. Qg6 Qf7 36. Qxh6 Nxh5 37. Ne4 Re7 38. Qxh5 Qxh5 39. Nf6+ Kf7 40. Nxh5 g6
41. Ng3 Rh8 42. Ne4 Rh4 43. Rdg3 Rh6 44. Bxa3 Rd7 45. Bb2 Rd5 46. Rg5 Rf5 47.
Bc1 Kg7 48. Rxf5 exf5 49. Ng5 Kf6 50. Re1 1-0

[Event "Championship Moscow 2019"]
[Site "Moscow]
[Date "2019.04.04"]
[Round "6.15"]
[White "Zakharova, Evgenia"]
[Black "Krupnova, Anna"]
[Result "1/2-1/2"]
[WhiteElo "1892"]
[BlackElo "1729"]
[PlyCount "152"]
[EventDate "2019.03.30"]

1. d4 Nf6 2. c4 e6 3. Nf3 Bb4+ 4. Bd2 a5 5. a3 Bxd2+ 6. Qxd2 b6 7. e3 Bb7 8.
Be2 O-O 9. O-O Ne4 10. Qc2 d6 11. Nfd2 f5 12. f3 Nxd2 13. Nxd2 Qg5 14. Qc3 Nd7
15. b4 axb4 16. axb4 c5 17. bxc5 bxc5 18. Rfb1 Rxa1 19. Rxa1 Qf6 20. f4 cxd4
21. exd4 Nc5 22. Qe3 Ne4 23. Nf3 h6 24. Rc1 Ra8 25. c5 dxc5 26. dxc5 Qb2 27.
Re1 Ra2 28. Nd4 Ra1 29. Nc2 Rb1 30. Bd3 Rxe1+ 31. Nxe1 Qc3 32. Qe2 Qxc5+ 33.
Kf1 Bd5 34. Qc2 Qxc2 35. Nxc2 Kf7 36. Nd4 Bc4 37. Ke2 Nc3+ 38. Kd2 Bxd3 39.
Kxd3 Nd5 40. g3 Kf6 41. h4 e5 42. fxe5+ Kxe5 43. Nf3+ Kf6 44. Kd4 Ne7 45. Ke3
g5 46. hxg5+ hxg5 47. Kd4 Nc6+ 48. Ke3 Ne5 49. Nd4 Ng4+ 50. Kf3 Ke5 51. Nc6+
Kd5 52. Ne7+ Ke6 53. Nc8 Nf6 54. Nb6 Nd5 55. Nc4 g4+ 56. Kf2 Nc3 57. Ke3 Nd5+
58. Kf2 Nf6 59. Ke3 Nh5 60. Kf2 Kd5 61. Ne3+ Ke4 62. Ng2 Ke5 63. Nh4 Nf6 64.
Ng6+ Ke4 65. Nh4 Nd5 66. Ng2 Nc3 67. Ne3 Nd5 68. Ng2 f4 69. gxf4 Nxf4 70. Nxf4
Kxf4 71. Kg2 g3 72. Kg1 Kg5 73. Kg2 Kg4 74. Kg1 Kf3 75. Kf1 g2+ 76. Kg1 Kg3
1/2-1/2

[Event "Championship Moscow 2019"]
[Site "Moscow]
[Date "2019.04.04"]
[Round "6.16"]
[White "Soblirova, Sabina"]
[Black "Khachatryan, Marieta"]
[Result "0-1"]
[WhiteElo "1516"]
[BlackElo "1856"]
[PlyCount "110"]
[EventDate "2019.03.30"]

1. d4 d5 2. c4 dxc4 3. Nf3 Nf6 4. e3 e6 5. Bxc4 c5 6. O-O a6 7. a4 Nc6 8. Qe2
Qc7 9. Nc3 Bd6 10. dxc5 Bxc5 11. Rd1 O-O 12. b3 b6 13. Bb2 Bb7 14. Rac1 Qe7 15.
Ng5 Ne5 16. Bd3 Nxd3 17. Rxd3 Rfd8 18. Rcd1 h6 19. Nh3 e5 20. e4 Bd4 21. Nd5
Nxd5 22. exd5 Bxb2 23. Qxb2 Rd6 24. Qe2 Rad8 25. Nf4 Qg5 26. Nh3 Qf5 27. g4 Qf6
28. Rf3 Qg6 29. Qxe5 Qxg4+ 30. Qg3 Qxg3+ 31. fxg3 Rxd5 32. Rdf1 Rd2 33. R3f2
Rxf2 34. Nxf2 Rd2 35. Re1 Rb2 36. h4 Rxb3 37. Kh2 Bc6 38. Ra1 a5 39. Ng4 Rb4
40. Ne5 Bxa4 41. Rf1 f6 42. Ng6 Rd4 43. Rb1 Bc2 44. Ne7+ Kf7 45. Re1 Rd2+ 46.
Kh3 b5 47. Re3 a4 48. Nc6 Bf5+ 49. g4 Rd3 50. Rxd3 Bxd3 51. Nb4 Be4 52. Kg3 a3
53. Kf4 Bb1 54. Ke3 a2 55. Nxa2 Bxa2 0-1

[Event "Championship Moscow 2019"]
[Site "Moscow]
[Date "2019.04.04"]
[Round "6.17"]
[White "Kruglikova, Viktorija"]
[Black "Shevtsova, Stefania"]
[Result "1-0"]
[WhiteElo "1786"]
[BlackElo "1684"]
[PlyCount "127"]
[EventDate "2019.03.30"]

1. e4 e6 2. d4 d5 3. e5 c5 4. c3 Nc6 5. Nf3 Bd7 6. a3 c4 7. g3 f6 8. Qe2 Nge7
9. Bh3 fxe5 10. Nxe5 Nxe5 11. Qxe5 Ng6 12. Qe2 Qb6 13. O-O O-O-O 14. f4 Re8 15.
Kh1 Be7 16. Nd2 Rhf8 17. Nf3 Bf6 18. Be3 h6 19. Qc2 Nh8 20. Rab1 Nf7 21. Ne5
Bc6 22. Nxf7 Rxf7 23. Rfe1 Rfe7 24. Kg1 Rg8 25. Bf2 Be8 26. Qe2 Bf7 27. b3 cxb3
28. c4 Bxd4 29. cxd5 Bxf2+ 30. Qxf2 Qxf2+ 31. Kxf2 Rd8 32. dxe6 Be8 33. Rxb3
Rd2+ 34. Re2 Rd6 35. Rc3+ Bc6 36. f5 Kd8 37. g4 Rc7 38. Rec2 Ke7 39. Bg2 Rd8
40. h4 Rdc8 41. Ke3 g6 42. Kf4 gxf5 43. gxf5 Kf6 44. Be4 h5 45. Bf3 Rh7 46. Rc4
a6 47. Bxc6 bxc6 48. Rxc6 Rd8 49. e7+ Kxe7 50. Rc7+ Rd7 51. Ke5 Rh6 52. f6+ Ke8
53. Ke6 Rxc7 54. Rxc7 Kd8 55. Ra7 Rg6 56. Rxa6 Rh6 57. Ra8+ Kc7 58. Ke7 Kb7 59.
Rg8 Rh7+ 60. f7 Kc7 61. Kf6 Rh6+ 62. Kg7 Kd7 63. Kxh6 Ke6 64. f8=Q 1-0

[Event "Championship Moscow 2019"]
[Site "Moscow]
[Date "2019.04.04"]
[Round "6.18"]
[White "Dorofeeva, Nyurguiaana"]
[Black "Komarova, Viktoria"]
[Result "1-0"]
[WhiteElo "1879"]
[BlackElo "1567"]
[PlyCount "129"]
[EventDate "2019.03.30"]

1. Nf3 Nf6 2. d4 g6 3. Bf4 Bg7 4. e3 d6 5. Be2 O-O 6. h3 Nbd7 7. Nbd2 c5 8. c3
b6 9. g4 Bb7 10. Rg1 Nd5 11. Bh2 cxd4 12. exd4 e5 13. Nc4 Qe7 14. Qd2 a5 15. a4
f5 16. g5 f4 17. dxe5 dxe5 18. O-O-O Nc5 19. Qc2 Bc6 20. b3 Rfd8 21. h4 b5 22.
axb5 Bxb5 23. Rxd5 Rxd5 24. Nb6 Nd3+ 25. Kb1 Ba4 26. Bxd3 Rb8 27. Nxa4 Rdd8 28.
Bc4+ Kf8 29. Rd1 Rdc8 30. Ka2 Ke8 31. Qe4 Rd8 32. Rxd8+ Rxd8 33. Qc6+ Kf8 34.
Qe6 Qxe6 35. Bxe6 e4 36. Nd4 f3 37. Bc7 Ra8 38. Bd5 Ra6 39. Ne6+ Kg8 40. Nec5+
Kf8 41. Nxa6 Ke7 42. c4 Bd4 43. Bb6 Be5 44. c5 Kd7 45. c6+ Kd6 46. c7 Kxd5 47.
c8=Q Bg3 48. Qc4+ Ke5 49. Bc7+ Kf5 50. Qd5+ Be5 51. Qxe5+ Kg4 52. Qf4+ Kh5 53.
Qxe4 h6 54. gxh6 Kxh6 55. Bf4+ Kg7 56. Qe5+ Kf7 57. N4c5 g5 58. Qe6+ Kf8 59.
Bd6+ Kg7 60. hxg5 Kh7 61. g6+ Kg7 62. Qf7+ Kh6 63. g7 Kg5 64. g8=Q+ Kh4 65.
Qfh7# 1-0

[Event "Championship Moscow 2019"]
[Site "Moscow]
[Date "2019.04.04"]
[Round "6.19"]
[White "Ivanova, Anastasia S"]
[Black "Petrova, Elizaveta"]
[Result "1-0"]
[WhiteElo "1860"]
[BlackElo "1403"]
[PlyCount "87"]
[EventDate "2019.03.30"]

1. d4 Nf6 2. c4 e6 3. Nc3 Bb4 4. Qc2 c5 5. a3 Bxc3+ 6. Qxc3 cxd4 7. Qxd4 Nc6 8.
Qd3 Qc7 9. h3 b6 10. b3 Bb7 11. Bb2 O-O-O 12. Nf3 d5 13. b4 Qf4 14. e3 Qe4 15.
Ng5 Qxd3 16. Bxd3 Rd7 17. Rc1 dxc4 18. Bxc4 Kb8 19. Bb5 Rc8 20. Bxf6 gxf6 21.
Nxh7 f5 22. Ng5 a6 23. Be2 Rg8 24. h4 Nd8 25. Rh2 f6 26. Nf3 e5 27. Rd1 Rxd1+
28. Bxd1 Kc7 29. h5 Bxf3 30. Bxf3 Kd6 31. Bd1 e4 32. Bb3 Rh8 33. h6 Nc6 34. Kd2
Ke5 35. f3 a5 36. b5 Ne7 37. Rh5 Kd6 38. h7 exf3 39. gxf3 Kc5 40. a4 Kb4 41.
Bc2 Ka3 42. Rh4 Kb2 43. Bd3 Kb3 44. Ke2 1-0

[Event "Championship Moscow 2019"]
[Site "Moscow]
[Date "2019.04.04"]
[Round "6.20"]
[White "Putinceva, Marina"]
[Black "Zakharova, Anna"]
[Result "1/2-1/2"]
[WhiteElo "1519"]
[BlackElo "1820"]
[PlyCount "90"]
[EventDate "2019.03.30"]

1. e4 c5 2. Nf3 e6 3. d4 cxd4 4. Nxd4 Nf6 5. Nc3 Nc6 6. a3 a6 7. Be2 Be7 8. Be3
Qc7 9. O-O O-O 10. f4 d6 11. Qe1 Nxd4 12. Bxd4 b5 13. Kh1 Bb7 14. Qg3 Rad8 15.
Rae1 d5 16. exd5 Bxd5 17. Nxd5 Rxd5 18. Bc3 Ne8 19. Bd3 Bf6 20. Bb4 Nd6 21. c3
Rd8 22. Bxd6 Qxd6 23. Bc2 Rd2 24. Rf2 g6 25. h3 Rxf2 26. Qxf2 Qd2 27. Rf1 Kg7
28. Kg1 Qxf2+ 29. Rxf2 g5 30. fxg5 Bxg5 31. Re2 Bc1 32. Bb3 Rd2 33. Rxd2 Bxd2
34. a4 Bc1 35. axb5 axb5 36. Bc2 Bxb2 37. Bd3 Bxc3 38. Bxb5 f5 39. Kf2 Kf6 40.
Kf3 e5 41. Bc6 Be1 42. g4 f4 43. Be4 h6 44. Ba8 Ke6 45. Bb7 Kd6 1/2-1/2